[Event "PRO League Atlantic 2017"]
[Site "chess.com INT"]
[Date "2017.02.01"]
[Round "4"]
[White "Molner, Mackenzie"]
[Black "Vazquez, Guillermo"]
[Result "1/2-1/2"]
[WhiteTitle "GM"]
[BlackTitle "IM"]
[WhiteElo "2450"]
[BlackElo "2437"]
[WhiteTeam "Montclair Sopranos"]
[BlackTeam "Rio Grande Ospreys"]
[WhiteFideId "2021722"]
[BlackFideId "3702308"]
[EventDate "2017.01.11"]

1. d4 Nf6 2. c4 e6 3. Nf3 d5 4. Nc3 dxc4 5. e4 Bb4 6. Bg5 c5 7. Bxc4 cxd4 8.
Nxd4 Bxc3+ 9. bxc3 Qa5 10. Bb5+ Bd7 11. Bxf6 gxf6 12. Bxd7+ Nxd7 13. O-O a6 14.
Rb1 Qc7 15. Qh5 Nc5 16. Rb4 Qe5 17. Qh4 Rd8 18. f4 Qxe4 19. Re1 Qd3 20. Qxf6 Rg8
21. Nxe6 fxe6 22. Rxe6+ Nxe6 23. Qxe6+ Kf8 24. Qf6+ Ke8 25. Qe6+ Kf8 26. Qf6+
Ke8 27. Qe6+ 1/2-1/2

[Event "PRO League Atlantic 2017"]
[Site "chess.com INT"]
[Date "2017.02.01"]
[Round "4"]
[White "Molner, Mackenzie"]
[Black "Belous, Vladimir"]
[Result "1/2-1/2"]
[WhiteTitle "GM"]
[BlackTitle "GM"]
[WhiteElo "2450"]
[BlackElo "2564"]
[WhiteTeam "Montclair Sopranos"]
[BlackTeam "Rio Grande Ospreys"]
[WhiteFideId "2021722"]
[BlackFideId "4174003"]
[EventDate "2017.01.11"]

1. d4 Nf6 2. c4 g6 3. Nc3 Bg7 4. e4 d6 5. Nf3 O-O 6. Be2 Na6 7. O-O e5 8. Be3
Ng4 9. Bg5 Qe8 10. dxe5 Nxe5 11. Nd4 c6 12. Qd2 f5 13. exf5 gxf5 14. f4 Ng6 15.
Rfe1 Qf7 16. Bh5 Qxc4 17. Nf3 Nc5 18. Bxg6 hxg6 19. Qxd6 Nd3 20. Re7 Qc5+ 21.
Qxc5 Nxc5 22. Ne5 Bxe5 23. Rxe5 Ne6 24. Rd1 Kf7 25. Rd6 Re8 26. Ne2 Nxg5 27.
Rxe8 Nh3+ 28. gxh3 Kxe8 29. Rxg6 Kf7 30. Rh6 Be6 31. Rh7+ Kf6 32. Rxb7 Bxa2 33.
Kf2 a5 34. Nc3 Bf7 35. Rb6 Be8 36. Nd5+ Kf7 37. Nc7 Rc8 38. Nxe8 Kxe8 39. Ke3
Kd7 40. Ra6 Rh8 41. Rxa5 Rxh3+ 42. Kd4 Rh5 43. Ke5 Rxh2 44. Ra7+ Kc8 45. Kxf5
Rxb2 46. Kf6 c5 47. f5 c4 48. Ra4 Rb6+ 49. Ke7 Rb7+ 50. Kd6 Rd7+ 51. Ke6 c3 52.
Ra8+ Kb7 53. Ra1 Rd2 54. Rc1 c2 55. f6 Re2+ 56. Kd7 Rf2 57. Ke7 Re2+ 58. Kd7
Rd2+ 59. Ke7 Re2+ 60. Kd7 Rd2+ 61. Ke7 Re2+ 1/2-1/2

[Event "PRO League Atlantic 2017"]
[Site "chess.com INT"]
[Date "2017.02.01"]
[Round "4"]
[White "Kleinman, Michael"]
[Black "Cremisi, Daniel Josef"]
[Result "1-0"]
[WhiteTitle "FM"]
[WhiteElo "2289"]
[BlackElo "2148"]
[WhiteTeam "Montreal ChessBrahs"]
[BlackTeam "Carolina Cobras"]
[WhiteFideId "2609479"]
[BlackFideId "2089882"]
[EventDate "2017.01.11"]

1. e4 e6 2. d4 d5 3. Nd2 dxe4 4. Nxe4 Bd7 5. Nf3 Bc6 6. Bd3 Nd7 7. O-O Ngf6 8.
Ned2 Be7 9. b3 O-O 10. Bb2 b6 11. c4 Bb7 12. Qc2 h6 13. Rad1 Re8 14. h3 a5 15.
a3 Qc8 16. Rfe1 c5 17. Ne4 Nxe4 18. Bxe4 Bxe4 19. Qxe4 cxd4 20. Nxd4 Nc5 21. Qf3
Bf6 22. Ba1 Qb7 23. Qxb7 Nxb7 24. Nb5 Bxa1 25. Rxa1 Red8 26. Rad1 Nc5 27. b4
axb4 28. Rxd8+ Rxd8 29. axb4 Nb3 30. Re3 Nd2 31. Rc3 Ne4 32. Rc2 Rd1+ 33. Kh2
Rb1 34. Nc3 Nxc3 35. Rxc3 Rxb4 36. c5 bxc5 37. Rxc5 Kh7 38. g3 Kg6 39. Kg2 f6
40. h4 e5 41. Rc7 Rb8 42. Kf3 h5 43. Ra7 Rb3+ 44. Kg2 Rb4 45. Kf3 Rg4 46. Rb7
Kf5 47. Ra7 g6 48. Ra5 Rb4 49. Rc5 Rd4 50. Ra5 Ke6 51. Ra6+ Rd6 52. Ra8 Kd5 53.
Ra5+ Ke6 54. Ra8 f5 55. Ra5 Rd3+ 56. Ke2 Rd4 57. Ra6+ Rd6 58. Ra5 Kf6 59. Kf3
Re6 60. Rb5 g5 61. hxg5+ Kxg5 62. Rb8 Rd6 63. Rg8+ Rg6 64. Re8 e4+ 65. Ke3 Kg4
66. Rh8 Rg7 67. Rf8 Kg5 68. f3 Ra7 69. Rg8+ Kf6 70. fxe4 Re7 71. Rf8+ Kg6 72.
Rxf5 Ra7 73. Kf4 Ra1 74. Rg5+ Kh6 75. Rb5 Rf1+ 76. Ke3 Re1+ 77. Kf3 Rf1+ 78. Ke2
Rc1 79. Rd5 Kg6 80. Ke3 Re1+ 81. Kf3 Rf1+ 82. Ke2 Rg1 83. Kf2 Ra1 84. Rb5 Ra4
85. Kf3 Ra1 86. Rb6+ Kg5 87. Rb5+ Kg6 88. Rb3 Rf1+ 89. Ke2 Rc1 90. Rf3 Rc4 91.
Ke3 Rc3+ 92. Kf4 Rc4 93. Ke5 Rc5+ 94. Kd6 Rc1 95. e5 Kg5 96. e6 Rd1+ 97. Kc7 Kg4
98. Re3 Rc1+ 99. Kd7 Rd1+ 100. Kc8 Rc1+ 101. Kd8 Rd1+ 102. Ke8 Kf5 103. e7 Kf6
104. Kf8 1-0

[Event "PRO League Atlantic 2017"]
[Site "chess.com INT"]
[Date "2017.02.01"]
[Round "4"]
[White "Kleinman, Michael"]
[Black "Wang, Tianqi"]
[Result "1-0"]
[WhiteTitle "FM"]
[WhiteElo "2289"]
[BlackElo "2199"]
[WhiteTeam "Montreal ChessBrahs"]
[BlackTeam "Carolina Cobras"]
[WhiteFideId "2609479"]
[BlackFideId "2063824"]
[EventDate "2017.01.11"]

1. e4 c6 2. d4 d5 3. exd5 cxd5 4. c4 Nf6 5. Nc3 e6 6. Nf3 Be7 7. cxd5 Nxd5 8.
Bd3 O-O 9. O-O Nc6 10. Re1 h6 11. a3 Bd7 12. Bc2 Nf6 13. Qd3 Be8 14. Ne4 Nh7 15.
Nc5 Nf6 16. Ne4 Nh7 17. Ng3 Nf6 18. Nh5 g6 19. Nxf6+ Bxf6 20. Bxh6 Bg7 21. Bxg7
Kxg7 22. b4 Rc8 23. Rad1 Ne7 24. Bb3 Bc6 25. Ne5 Bd5 26. h3 Bxb3 27. Qxb3 Nd5
28. g3 Qg5 29. h4 Qf6 30. Nd7 Rc3 31. Qxc3 Nxc3 32. Nxf6 Nxd1 33. Ne4 Nb2 34.
Rc1 Rd8 35. Rc7 b6 36. Ng5 Kg8 37. Rxf7 Rxd4 38. Rxa7 Rd2 39. Nxe6 Nd3 40. Rd7
Rd1+ 41. Kh2 Nxf2 42. Rxd1 Nxd1 43. a4 Nc3 44. a5 bxa5 45. bxa5 Nb5 46. a6 Na7
47. Kg2 Kf7 48. Ng5+ Kf6 49. Kf3 Nc6 50. Kf4 Na7 51. Ne4+ Ke6 52. Kg5 Kf7 53.
Nd6+ Kg7 54. Nc4 Nc6 55. Ne5 1-0

[Event "PRO League Atlantic 2017"]
[Site "chess.com INT"]
[Date "2017.02.01"]
[Round "4"]
[White "Villanueva, Mario"]
[Black "Francisco, Richard"]
[Result "1/2-1/2"]
[WhiteTitle "IM"]
[WhiteElo "2425"]
[BlackElo "2273"]
[WhiteTeam "Buenos Aires Krakens"]
[BlackTeam "Atlanta Kings"]
[WhiteFideId "113433"]
[BlackFideId "2021188"]
[EventDate "2017.01.11"]

1. e4 e5 2. Nf3 Nc6 3. Bb5 a6 4. Ba4 Nf6 5. O-O b5 6. Bb3 Bb7 7. d3 Bd6 8. a3 h6
9. Nc3 O-O 10. Bd2 Re8 11. Re1 Nd4 12. Ba2 c5 13. Nxd4 exd4 14. Ne2 Ng4 15. h3
Bh2+ 16. Kf1 Nxf2 17. Kxf2 Qf6+ 18. Bf4 Bxf4 19. Nxf4 Qxf4+ 20. Kg1 d5 21. Rf1
Qe3+ 22. Kh2 c4 23. Qg4 Bc8 24. Qh5 Be6 25. exd5 g6 26. dxe6 gxh5 27. exf7+ Kg7
28. fxe8=Q Rxe8 29. dxc4 h4 30. cxb5 Qg3+ 31. Kh1 Re2 32. Bd5 axb5 33. Rf7+ Kg6
34. Raf1 Re1 35. Rf8 Rxf1+ 36. Rxf1 Qe3 37. Bf7+ Kg7 38. Bh5 Qd2 39. Rd1 Qxc2
40. Rxd4 Qxb2 41. Rg4+ Kf6 42. Be8 Qxa3 43. Bxb5 Qa1+ 44. Kh2 Qe5+ 45. Kh1 Qxb5
46. Rxh4 h5 47. Rf4+ Kg5 48. Rf3 Qe5 49. Kg1 Qe2 50. Kh2 h4 51. Kg1 Qd2 52. Kh2
Qe1 53. Rb3 Kf4 54. Rf3+ Ke4 55. Rb3 Kd4 56. Rf3 Kc5 57. Rf5+ Kc4 58. Rf3 Kd5
59. Rd3+ Ke4 60. Rf3 Kd4 61. Rb3 Kc4 62. Rf3 Kb4 63. Rd3 Kb5 64. Rb3+ Kc5 65.
Rf3 Kc4 66. Ra3 Qe7 67. Rf3 Qe2 68. Kg1 Qe1+ 69. Kh2 Qd1 70. Re3 Qd6+ 71. Kh1
Kd4 72. Rf3 Ke4 73. Kg1 Qd1+ 74. Kh2 Qe1 75. Rb3 Qa1 76. Rf3 Qb1 77. Rc3 Qb8+
78. Kh1 Qb1+ 79. Kh2 Qe1 80. Rf3 Qa5 81. Rb3 Qa4 82. Rf3 Qd7 83. Kg1 Qd1+ 84.
Kh2 Qd8 85. Kg1 Qg8 86. Kh2 Qa2 87. Kg1 Qa7+ 88. Kh2 Qd4 89. Kh1 Qd1+ 90. Kh2
Qxf3 91. gxf3+ Kxf3 92. Kg1 Kg3 93. Kh1 Kxh3 94. Kg1 Kg3 95. Kh1 h3 96. Kg1 h2+
97. Kh1 Kf4 98. Kg2 h1=N 1/2-1/2

[Event "PRO League Atlantic 2017"]
[Site "chess.com INT"]
[Date "2017.02.01"]
[Round "4"]
[White "Villanueva, Mario"]
[Black "Gurevich, Daniel"]
[Result "1/2-1/2"]
[WhiteTitle "IM"]
[BlackTitle "IM"]
[WhiteElo "2425"]
[BlackElo "2455"]
[WhiteTeam "Buenos Aires Krakens"]
[BlackTeam "Atlanta Kings"]
[WhiteFideId "113433"]
[BlackFideId "2044676"]
[EventDate "2017.01.11"]

1. e4 c6 2. d4 d5 3. e5 Bf5 4. h4 h5 5. Bd3 Bxd3 6. Qxd3 e6 7. Bg5 Be7 8. Nf3
Nh6 9. Nc3 Nf5 10. Ne2 c5 11. c3 Qb6 12. O-O Nc6 13. a3 c4 14. Qc2 f6 15. exf6
gxf6 16. Bf4 O-O-O 17. Rab1 Na5 18. Nc1 Qc6 19. Re1 Rhg8 20. Qe2 Rg4 21. g3 Rdg8
22. Kf1 Kd7 23. b4 cxb3 24. Nxb3 Nc4 25. Nbd2 b6 26. Nxc4 Qxc4 27. Qxc4 dxc4 28.
a4 Bd6 29. Bxd6 Nxd6 30. Nd2 f5 31. Nf3 Ke7 32. Ne5 R4g7 33. a5 b5 34. d5 Ne4
35. Rxb5 Nxc3 36. Rb7+ Kd6 37. Rxg7 Rxg7 38. dxe6 Kxe6 39. Nxc4+ Kf6 40. Re8 Rc7
41. Ne3 Rc5 42. a6 Ra5 43. Rh8 Kg6 44. Rc8 Ne4 45. Rc6+ Nf6 46. Ng2 Ra1+ 47. Ke2
Ra2+ 48. Kd3 Rxf2 49. Nf4+ Kg7 50. Rc7+ Kh6 51. Rxa7 Rf3+ 52. Kd4 Rxg3 53. Ke5
Ng4+ 54. Kxf5 Re3 55. Ng2 Re2 56. Ra8 Rxg2 57. a7 Ne3+ 58. Ke4 Ra2 59. Rh8+ Kg7
60. a8=Q Rxa8 61. Rxa8 Ng2 62. Kf5 Nxh4+ 63. Kg5 Nf3+ 64. Kxh5 Ne5 65. Kg5 Nf7+
66. Kf5 Nh6+ 67. Ke6 Kg6 68. Ra5 Nf7 69. Ra2 Ng5+ 70. Ke7 Ne4 71. Re2 Kf5 72.
Kf7 Ke5 73. Kg6 Kd4 74. Rxe4+ Kxe4 1/2-1/2

[Event "PRO League Atlantic 2017"]
[Site "chess.com INT"]
[Date "2017.02.01"]
[Round "4"]
[White "Wang, Jason"]
[Black "Pozo Vera, Sandro"]
[Result "0-1"]
[BlackTitle "GM"]
[WhiteElo "2006"]
[BlackElo "2428"]
[WhiteTeam "Columbus Cardinals"]
[BlackTeam "Miami Champions"]
[WhiteFideId "30908124"]
[BlackFideId "3507203"]
[EventDate "2017.01.11"]

1. d4 d5 2. c4 c6 3. e3 Nf6 4. Nc3 g6 5. Nf3 Bg7 6. Be2 O-O 7. O-O e6 8. Qc2
Nbd7 9. e4 dxe4 10. Nxe4 Nxe4 11. Qxe4 c5 12. Rd1 cxd4 13. Nxd4 a6 14. Be3 Qe7
15. Rd2 Nc5 16. Qc2 f5 17. Nf3 Ne4 18. Rd3 e5 19. Nd2 Nxd2 20. Qxd2 Be6 21. Rd1
f4 22. Bb6 e4 23. Rd6 f3 24. Bf1 Be5 25. Bc5 Qf7 26. Rxe6 Qxe6 27. Bxf8 Rxf8 28.
g3 Bg7 29. b3 Re8 30. Qd5 Qxd5 31. Rxd5 Bh6 32. Bh3 b6 33. Rd6 e3 34. Re6 Rxe6
35. Bxe6+ Kg7 36. fxe3 Bxe3+ 37. Kf1 Kf6 38. Bg4 f2 39. Ke2 Ke5 40. Bc8 a5 41.
Bh3 Bc5 42. Kd3 h5 43. Bg2 g5 44. Bf1 h4 45. Bg2 Kf5 46. Bh3+ g4 47. Bg2 h3 48.
Bf1 Bd6 49. Ke2 Bc5 50. Kd3 Ke5 51. Be2 Kf5 52. Bf1 Bd6 53. Ke2 Ke4 54. Kxf2
Bc5+ 55. Ke2 Bg1 56. a3 Kd4 57. Kd2 Bxh2 58. Be2 Bxg3 59. Bxg4 h2 60. Bf3 Bd6
61. a4 Bb4+ 62. Kc2 Ke3 63. Bd5 Kf2 64. Kd3 Kg1 65. Kd4 h1=Q 66. Bxh1 Kxh1 67.
Kd5 Bc5 68. Kc6 Kg2 69. Kb5 Kf3 70. b4 axb4 71. a5 bxa5 72. Kxc5 b3 73. Kd5 b2
74. c5 b1=Q 75. c6 Qb5+ 76. Kd6 a4 77. c7 Qb6+ 78. Kd7 Qxc7+ 79. Kxc7 a3 0-1

[Event "PRO League Atlantic 2017"]
[Site "chess.com INT"]
[Date "2017.02.01"]
[Round "4"]
[White "Paikidze, Nazi"]
[Black "Feng, Maggie"]
[Result "1-0"]
[WhiteTitle "IM"]
[BlackTitle "WCM"]
[WhiteElo "2369"]
[BlackElo "2164"]
[WhiteTeam "Miami Champions"]
[BlackTeam "Columbus Cardinals"]
[WhiteFideId "13603620"]
[BlackFideId "2078090"]
[EventDate "2017.01.11"]

1. d4 e6 2. Nf3 f5 3. g3 Nf6 4. Bg2 d5 5. c4 c6 6. O-O Bd6 7. b3 Qe7 8. Bb2 O-O
9. Qc1 Nbd7 10. Ba3 Bxa3 11. Qxa3 Qxa3 12. Nxa3 b6 13. Nc2 Bb7 14. Ne5 Nxe5 15.
dxe5 Nd7 16. f4 Nc5 17. Nd4 Rfe8 18. cxd5 cxd5 19. Rfc1 a5 20. e3 Ba6 21. Bf1
Bxf1 22. Kxf1 Rac8 23. Ke2 Ne4 24. Rc6 Rxc6 25. Nxc6 Kf7 26. Rc1 Rc8 27. Rc2 Ke8
28. Kd1 Kd7 29. Nd4 Rc3 30. Nb5 Rc5 31. a4 g6 32. Nd4 Nc3+ 33. Kd2 Ne4+ 34. Kd3
Rxc2 35. Kxc2 Nc5 36. Nf3 Ne4 37. Kd3 Nc5+ 38. Kc3 Ne4+ 39. Kc2 Ke7 40. b4 Kd7
41. Kb3 Nf2 42. Ng5 Ng4 43. Nxh7 Nxh2 44. Nf8+ Ke8 45. Nxg6 Nf1 46. Nh4 Nxe3 47.
Nf3 Nf1 48. Nd4 Kd7 49. Ne2 Ne3 50. b5 Nf1 51. Kc3 Ne3 52. Kd3 Nc4 53. Nc3 Nb2+
54. Kd4 Nc4 55. Nd1 Nb2 56. Nxb2 1-0

[Event "PRO League Atlantic 2017"]
[Site "chess.com INT"]
[Date "2017.02.01"]
[Round "4"]
[White "Paikidze, Nazi"]
[Black "Baker, Vincent J"]
[Result "1-0"]
[WhiteTitle "IM"]
[WhiteElo "2369"]
[BlackElo "1960"]
[WhiteTeam "Miami Champions"]
[BlackTeam "Columbus Cardinals"]
[WhiteFideId "13603620"]
[BlackFideId "30911974"]
[EventDate "2017.01.11"]

1. Nf3 Nf6 2. b3 e6 3. Bb2 b6 4. g3 Bb7 5. Bg2 Be7 6. O-O O-O 7. c4 d5 8. d3 c5
9. Nbd2 Nc6 10. a3 Qc7 11. e3 Rfd8 12. Qc2 Rac8 13. Rfe1 e5 14. cxd5 Nxd5 15.
Nc4 Bf6 16. h4 g6 17. h5 Qe7 18. Qe2 Bg7 19. hxg6 hxg6 20. Nh4 b5 21. Nd2 b4 22.
Nc4 bxa3 23. Rxa3 Ndb4 24. Rd1 Rc7 25. Bc3 Rcd7 26. Na5 Nxa5 27. Bxb4 cxb4 28.
Rxa5 Bxg2 29. Nxg2 Rc7 30. e4 Qe6 31. Qa2 Rc3 32. Rxa7 Rxb3 33. Ne1 Bh6 34. Ra6
Qc8 35. Rxg6+ fxg6 36. Qxb3+ Kh7 37. Qxb4 Qg4 38. Qe7+ Bg7 39. Qxd8 Qxd1 40. Kf1
Bh6 41. Qc7+ Kg8 42. Qc8+ Kh7 43. Qc2 Qg4 44. Qc7+ Bg7 45. Qe7 Qd1 46. Qf7 Qg4
47. Qf3 Qe6 48. Ng2 Bh6 49. Ne3 Qh3+ 50. Ke2 Qe6 51. Nd5 Qa6 52. Qf7+ Bg7 53.
Ne7 Kh6 54. Ng8+ Kh7 55. Ne7 Qb6 56. Kf1 Kh6 57. Kg2 Kh7 58. Nd5 Qd6 59. Qe7 Qa6
60. Nb4 Qb6 61. Nc2 Qa6 62. Qd7 Qa2 63. Ne3 Qa6 64. Ng4 Qb6 65. Qe7 Qb5 66. Nf6+
Kh6 67. Nd5 Qc6 68. Qh4# 1-0

[Event "PRO League Atlantic 2017"]
[Site "chess.com INT"]
[Date "2017.02.01"]
[Round "4"]
[White "Iglesias, Jorge"]
[Black "Barbosa, Oliver"]
[Result "0-1"]
[BlackTitle "GM"]
[WhiteElo "2283"]
[BlackElo "2518"]
[WhiteTeam "Patagonia Penguins"]
[BlackTeam "New York Knights"]
[WhiteFideId "106461"]
[BlackFideId "5201640"]
[EventDate "2017.01.11"]

1. e4 c6 2. d4 d5 3. Nd2 dxe4 4. Nxe4 Bf5 5. Ng3 Bg6 6. Nf3 Nd7 7. h4 h6 8. h5
Bh7 9. Bd3 Bxd3 10. Qxd3 e6 11. Bd2 Ngf6 12. O-O-O Be7 13. Qe2 c5 14. Rhe1 cxd4
15. Nxd4 O-O 16. Ngf5 Bc5 17. Nxh6+ gxh6 18. Bxh6 Qb6 19. Qe3 Kh7 20. Bxf8 Bxf8
21. g4 Nd5 22. Qe4+ Kh8 23. g5 Nc5 24. Qf3 Na4 25. Qb3 Qxb3 26. axb3 Nc5 27. g6
Bh6+ 28. Kb1 Kg8 29. c4 Nf4 30. gxf7+ Kxf7 31. Nf3 Bg7 32. Ng5+ Kf6 33. Ne4+
Nxe4 34. Rxe4 Kf5 35. Re3 Rh8 36. Rd7 Bf6 37. Rxb7 Rxh5 38. Rb5+ e5 39. c5 Rh1+
40. Ka2 Nd5 41. Rd3 Ke4 42. Rd2 Ne7 43. Ra5 Nc6 44. Ra4+ Kf5 45. Rd6 Nd4 46. c6
Nc2 47. b4 Ra1+ 48. Kb3 Rc1 49. Rxa7 Nd4+ 50. Ka2 Nb5 51. Rxf6+ Kxf6 52. Ra5 Nd4
53. b5 Ke6 0-1

[Event "PRO League Atlantic 2017"]
[Site "chess.com INT"]
[Date "2017.02.01"]
[Round "4"]
[White "Barnett, Alexander"]
[Black "Wang, Jason"]
[Result "1-0"]
[WhiteTitle "FM"]
[WhiteElo "2190"]
[BlackElo "2006"]
[WhiteTeam "Miami Champions"]
[BlackTeam "Columbus Cardinals"]
[WhiteFideId "2019906"]
[BlackFideId "30908124"]
[EventDate "2017.01.11"]

1. e4 c5 2. Nf3 e6 3. d4 cxd4 4. Nxd4 a6 5. Bd3 Bc5 6. Nb3 Ba7 7. Nc3 Nc6 8. Qe2
d6 9. Be3 Nge7 10. O-O-O b5 11. Bxa7 Rxa7 12. Qe3 Rb7 13. f4 b4 14. Ne2 a5 15.
Ba6 Rb6 16. Rxd6 Qc7 17. Bxc8 Nxc8 18. Rd3 O-O 19. Nc5 Rb5 20. Na4 Nd6 21. e5
Nf5 22. Qe4 Rc8 23. Rd2 Nfe7 24. Rhd1 Rd5 25. Kb1 Rcd8 26. Rxd5 Rxd5 27. Rxd5
Nxd5 28. Qc4 Qb7 29. Nc5 Qb6 30. Qa6 Qxa6 31. Nxa6 Ne3 32. g3 Nf1 33. h3 h5 34.
c3 bxc3 35. bxc3 Kf8 36. Kc2 Ne3+ 37. Kd3 Nd1 38. Nc5 Ke7 39. Nd4 Na7 40. Ne4 f6
41. Nc5 Nf2+ 42. Ke3 Nd1+ 43. Kd2 Nf2 44. h4 fxe5 45. fxe5 Ng4 46. Ncxe6 Nxe5
47. Nxg7 Nc8 48. Nxh5 Nd6 49. Nf4 Ne4+ 50. Ke3 Nxg3 51. h5 Kf6 52. Nb3 Nf5+ 53.
Ke4 Nc4 54. Nd4 Nfd6+ 55. Kd5 Kg5 56. Nde6+ Kh6 57. Kc5 Kh7 58. Nd4 Kh6 59. Nb5
Nxb5 60. Kxc4 Nc7 61. Kc5 Kg5 62. Kc6 Ne8 63. Nd5 Kxh5 64. Kd7 Ng7 65. c4 Kg5
66. c5 Kf5 67. c6 Ne6 68. c7 Nxc7 69. Kxc7 Ke5 70. Kc6 Kd4 71. a4 Kc4 72. Nb6+
Kb4 73. Kb7 Kc5 74. Ka7 Kb4 75. Ka6 1-0

[Event "PRO League Atlantic 2017"]
[Site "chess.com INT"]
[Date "2017.02.01"]
[Round "4"]
[White "Belous, Vladimir"]
[Black "Rozman, Levy"]
[Result "1-0"]
[WhiteTitle "GM"]
[BlackTitle "FM"]
[WhiteElo "2564"]
[BlackElo "2404"]
[WhiteTeam "Rio Grande Ospreys"]
[BlackTeam "Montclair Sopranos"]
[WhiteFideId "4174003"]
[BlackFideId "2039877"]
[EventDate "2017.01.11"]

1. c4 b6 2. d4 e6 3. Nc3 Bb7 4. Nf3 Bb4 5. Qd3 f5 6. d5 Nf6 7. a3 Bxc3+ 8. Qxc3
O-O 9. dxe6 dxe6 10. Bg5 Nbd7 11. Rd1 Qe8 12. Qc2 Ne4 13. Bc1 e5 14. g3 Ndf6 15.
Bg2 Qh5 16. Nxe5 Rae8 17. Nd3 g5 18. f3 Nd6 19. c5 Nf7 20. O-O Qg6 21. b4 Re7
22. Bb2 Rfe8 23. Rfe1 f4 24. gxf4 gxf4 25. Kh1 Nh5 26. Qc3 Rxe2 27. Nf2 R2e3 28.
Ng4 Rxe1+ 29. Rxe1 Rxe1+ 30. Qxe1 Ng5 31. Qd1 Nxf3 32. Qd8+ Kf7 33. Qxc7+ Kf8
34. Qb8+ Qe8 35. Qd6+ Qe7 36. Ne5 Nxe5 37. Bxb7 Qxd6 38. cxd6 Nc4 39. d7 Ke7 40.
Bd4 Kxd7 41. Bf3 Ng3+ 42. hxg3 fxg3 43. Be2 Nxa3 44. Bd3 b5 45. Bxa7 h5 46. Kg2
h4 47. Bd4 Kd6 48. Be4 Nc4 49. Bf6 Nd2 50. Bd3 Nc4 51. Bxh4 Ne3+ 52. Kxg3 Kd5
53. Bg5 Nd1 54. Bxb5 Nc3 55. Bd3 Kd4 56. Bf6+ 1-0

[Event "PRO League Atlantic 2017"]
[Site "chess.com INT"]
[Date "2017.02.01"]
[Round "4"]
[White "Pichot, Alan"]
[Black "Gurevich, Daniel"]
[Result "1/2-1/2"]
[WhiteTitle "GM"]
[BlackTitle "IM"]
[WhiteElo "2548"]
[BlackElo "2455"]
[WhiteTeam "Buenos Aires Krakens"]
[BlackTeam "Atlanta Kings"]
[WhiteFideId "110973"]
[BlackFideId "2044676"]
[EventDate "2017.01.11"]

1. e4 c6 2. Nf3 d5 3. Nc3 Nf6 4. e5 Ne4 5. Ne2 Qb6 6. d4 e6 7. Ng3 c5 8. Bd3
Nxg3 9. hxg3 cxd4 10. Ng5 Qc7 11. Rxh7 Rxh7 12. Nxh7 Qxe5+ 13. Kf1 Qd6 14. Qh5
Nc6 15. Bf4 Qc5 16. Ng5 Nd8 17. Nxf7 Nxf7 18. Bg6 Qb5+ 19. Kg1 Qd7 20. Re1 a5
21. Be5 Ra6 22. Rd1 Bd6 23. Bxg7 Qe7 24. Rd3 e5 25. Qh8+ Kd7 26. Bf5+ Kc6 27.
Qxc8+ Bc7 28. Bf8 Qd8 29. Qe6+ Nd6 30. Be7 Qe8 31. c3 Kb6 32. Bxd6 Qxe6 33.
Bxc7+ Kxc7 34. Bxe6 Rxe6 35. cxd4 Kd6 36. dxe5+ Rxe5 37. Re3 Rh5 38. g4 Rh8 39.
f4 d4 40. Re5 Rh4 41. Rg5 Kc6 42. Rg8 Kd5 43. Kf2 Ke4 44. Re8+ Kd3 45. Kg3 Rh1
46. f5 Kc2 47. f6 Rf1 48. g5 d3 49. Rd8 d2 50. Kh4 d1=Q 51. Rxd1 Kxd1 52. Kh5
Kc2 53. g6 Rf5+ 54. Kh6 Rxf6 55. g4 Kxb2 56. g5 Rf8 57. g7 Rd8 58. Kh7 Kxa2 59.
g6 a4 60. g8=Q+ Rxg8 61. Kxg8 a3 62. g7 Kb2 63. Kh7 a2 64. g8=Q a1=Q 65. Qg7+
Ka2 66. Qxb7 Qb1+ 67. Qxb1+ 1/2-1/2

[Event "PRO League Atlantic 2017"]
[Site "chess.com INT"]
[Date "2017.02.01"]
[Round "4"]
[White "Francisco, Richard"]
[Black "Mareco, Sandro"]
[Result "1/2-1/2"]
[BlackTitle "GM"]
[WhiteElo "2273"]
[BlackElo "2645"]
[WhiteTeam "Atlanta Kings"]
[BlackTeam "Buenos Aires Krakens"]
[WhiteFideId "2021188"]
[BlackFideId "112275"]
[EventDate "2017.01.11"]

1. e4 c5 2. Nf3 e6 3. d4 cxd4 4. Nxd4 a6 5. Bd3 Bc5 6. Nb3 Be7 7. O-O d6 8. Qg4
g6 9. Qe2 Nd7 10. Nc3 Qc7 11. Be3 h5 12. f4 Ngf6 13. h3 b6 14. a4 Bb7 15. Bd4 e5
16. Be3 exf4 17. Rxf4 Ne5 18. a5 b5 19. Bb6 Qc8 20. Raf1 Nfd7 21. Bd4 Bg5 22.
R4f2 Bh4 23. Rf4 Bg3 24. R4f3 h4 25. Nd5 Bxd5 26. exd5 O-O 27. Re3 Qd8 28. Nd2
f5 29. b4 Nf6 30. Bxf5 gxf5 31. Rxf5 Nxd5 32. Rexe5 Nf6 33. Re6 Be5 34. Bxe5
dxe5 35. Rexe5 Qd4+ 36. Qe3 Qxe3+ 37. Rxe3 Rad8 38. Nf3 Rd1+ 39. Kh2 Nd5 40.
Rg5+ Kh7 41. Re4 Rf4 42. Rxf4 Nxf4 43. Nxh4 Rd2 44. Rc5 Nd5 45. c3 Rd3 46. Rc6
Rxc3 47. Rxa6 Rc4 48. Nf5 Rxb4 49. Rd6 Nf4 50. Kg3 Ra4 51. Kf3 Nh5 52. g4 Ra3+
53. Ke4 Ra4+ 54. Ke5 Nf4 55. Rb6 Nxh3 56. Rxb5 Nf2 57. g5 Kg6 58. Nd4 Kxg5 59.
Nc6 Nd3+ 60. Kd6+ Kf6 61. Kc7 Nf4 62. Kb6 Ke6 63. a6 Nd5+ 64. Kb7 Rxa6 65. Kxa6
Nc7+ 66. Kb6 Nxb5 67. Kxb5 1/2-1/2

[Event "PRO League Atlantic 2017"]
[Site "chess.com INT"]
[Date "2017.02.01"]
[Round "4"]
[White "Francisco, Richard"]
[Black "Sosa, Tomas ARG"]
[Result "1-0"]
[BlackTitle "IM"]
[WhiteElo "2273"]
[BlackElo "2451"]
[WhiteTeam "Atlanta Kings"]
[BlackTeam "Buenos Aires Krakens"]
[WhiteFideId "2021188"]
[BlackFideId "121576"]
[EventDate "2017.01.11"]

1. e4 c5 2. Nf3 Nc6 3. Bb5 g6 4. Bxc6 dxc6 5. d3 Bg7 6. h3 Nf6 7. Nc3 Nd7 8. O-O
e5 9. Be3 Qe7 10. Qd2 h6 11. Nh2 Nf8 12. f4 exf4 13. Bxf4 Ne6 14. Be3 Nd4 15.
Rf2 Be6 16. a3 O-O-O 17. Nf3 f5 18. Re1 Qd7 19. Ref1 g5 20. exf5 Bxf5 21. Na4
Nxf3+ 22. Rxf3 Bg6 23. Qa5 b6 24. Qa6+ Kb8 25. b4 Rhe8 26. Bf2 Qb7 27. Qxb7+
Kxb7 28. Bxc5 bxc5 29. Rf7+ Bxf7 30. Rxf7+ Ka8 31. Rxg7 cxb4 32. axb4 Re2 33. c3
Rxd3 34. Rg8+ Kb7 35. Nc5+ Kc7 36. Rg7+ Kd8 37. Nxd3 Re3 38. Nc5 Rxc3 39. Rxa7
Rc4 40. Na6 Rc1+ 41. Kf2 Ra1 42. Kg3 Ra2 43. Kf3 h5 44. Kg3 Ra3+ 45. Kh2 Ra2 46.
h4 g4 47. Kg3 Ra4 48. Kf4 c5 49. Ke5 cxb4 50. Kd6 Kc8 51. Ra8+ Kb7 52. Nc5+ Kxa8
53. Nxa4 b3 54. Kc5 Kb7 55. Kb4 Kc6 56. Kxb3 Kd5 57. Kc3 Ke4 58. Kd2 Kf4 59. Ke2
Kg3 60. Kf1 Kxh4 61. Nc3 Kg3 62. Ne2+ Kh2 63. g3 Kh3 64. Kf2 Kh2 65. Nf4 Kh1 66.
Nxh5 Kh2 67. Nf6 Kh3 68. Nh5 Kh2 69. Nf4 Kh1 70. Ne2 Kh2 71. Kf1 Kh3 72. Kf2 Kh2
73. Ke3 Kg2 74. Kf4 Kh3 75. Ng1+ Kg2 76. Kxg4 Kxg1 77. Kf4 Kf2 78. g4 Ke2 79. g5 1-0

[Event "PRO League Atlantic 2017"]
[Site "chess.com INT"]
[Date "2017.02.01"]
[Round "4"]
[White "Pozo Vera, Sandro"]
[Black "Baker, Vincent J"]
[Result "1-0"]
[WhiteTitle "GM"]
[WhiteElo "2428"]
[BlackElo "1960"]
[WhiteTeam "Miami Champions"]
[BlackTeam "Columbus Cardinals"]
[WhiteFideId "3507203"]
[BlackFideId "30911974"]
[EventDate "2017.01.11"]

1. d4 Nf6 2. c4 e6 3. Nf3 Bb4+ 4. Bd2 a5 5. g3 b6 6. Bg2 Bb7 7. O-O O-O 8. Bg5
h6 9. Bxf6 Qxf6 10. a3 Be7 11. Nc3 d6 12. d5 Nd7 13. Nd4 Ne5 14. b3 Rab8 15.
Ncb5 exd5 16. cxd5 Bd8 17. Rc1 Qe7 18. Qd2 Qd7 19. a4 f5 20. Ne6 Rf7 21. Nbxc7
Bxc7 22. Rxc7 Qxc7 23. Nxc7 Rxc7 24. Rc1 Rbc8 25. Rxc7 Rxc7 26. h3 Ba6 27. f4
Nd7 28. Qe3 Nc5 29. Qe8+ Kh7 30. Qf8 Bxe2 31. Qxf5+ Kg8 32. Qg6 Re7 33. Qxd6 Kf8
34. Qd8+ Re8 35. Qxb6 Nd3 36. d6 Bd1 37. d7 1-0